Statystyki dla Wszystkie utwory Szpaka

Kliknij tutaj aby rozwiązać quiz!

Ogólne statystyki

  • Ten quiz został rozwiązany 93 razy
  • Średni wynik to 27 z 53

Statystyki odpowiedzi

PłytaUtwór% Poprawnych
AtypowyAlicja
81%
Bajka
79%
BORuto
79%
Dzieci DuchyDzieci Duchy
78%
Oddajemy krew Wampirom
78%
UFO
76%
W Krainie Czarów
74%
Ja YETI
73%
SZLAM
71%
Lavender Town
67%
MINIMINI
67%
Zombie
67%
Żółwie Ninja
65%
Kochaj Mnie
64%
MOJO JOJO
63%
Na Osiedlu
62%
Noc Polarna
60%
Ćmy
59%
Nieważne
59%
Pająki
59%
BORuto EPRick and Morty
59%
Cyklofrenia
58%
Król Lew
58%
MŁODY SIMBA MIXTAPEMłody Simba
56%
Pali się
55%
Stare Graffiti
55%
FREESTYLE
53%
Koniec
53%
Hello Kitty
51%
KABZZLOOK
51%
Mateusz Dragon Wielki
51%
MUK
51%
DissySolóweczka
51%
Umrzyj Ze Mną
51%
Mewtwo
50%
OVERHYPE9000
50%
28 DNI PÓŹNIEJ...
42%
GUGU
41%
Saluto
40%
GENGAR
38%
OLDTALK
37%
Chmury
33%
Kanał Młody SimbaGUMMO
32%
KLĘSKA
32%
ALIGATOR
23%
iBOY
23%
BLACK SWAG
22%
MULUFASA
22%
MALIBU
21%
Klama
19%
M@łpi$zon
19%
ZA NIC
19%
WEWORKING
15%

Rozkład punktacji

Percentyl według liczby udzielonych odpowiedzi

Procent ludzi z każdym wynikiem

Twoja historia wyników

Nie rozwiązałeś tego quizu